000 00510nam a2200157 i 4500
001 20608
003 ES-MaACL
005 20230906152331.0
007 t|
008 021114s1930 fr ||||1| fre d
100 1 _aAigrain, René.
_918961
245 1 0 _aLiturgia
_b: encyclopédie populaire... /
_cpubliée sous la direction de René Aigrain.
260 _aParis :
_bBloud and Gay,
_c1930 (
_eSaint-Dizier (Haute-Marne) :
_fAndré Brulliard)
300 _aX, 1141 :
_bil. ;
_c20 cm.
852 _aES-MaACL
_jA-4191
999 _c20608
_d20608